Geography by Pictures (Medium-Hard) - E - Statistics

General Stats
  • This quiz has been taken 120 times
  • The average score is 9 of 14
Answer Stats
Picture Hint Answer % Correct
Pacific Island Easter Islands (Rapa Nui)
96%
Central American Country El Salvador
92%
Lake in North America Lake Erie
86%
African Country Eritrea
83%
River in the Middle East Euphrates River
81%
Landmark in U.K. Edinburgh Palace of Holyroodhouse
71%
Mountain in Italy Etna
69%
National Parks in the U.S. Everglades National Park
66%
City in the Netherlands Eindhoven
62%
Canadian Island Ellesmere Island
56%
City in the U.S. El Paso
55%
County in the U.K. Essex
50%
Mountain in Antarctica Mount Erebus
18%
City in Spain Eibar
7%
No matching quizzes found
Score Distribution
Percent of People with Each Score
Percentile by Number Answered
Your Score History
You have not taken this quiz